FIFA 20 Premier League TOTSSF - Statistics

General Stats
  • This quiz has been taken 559 times
    523 since last reset
  • The average score is 23 of 26
Answer Stats
Rating Pos. Club Nation Player % Correct
99 CM Man City Belgium Kevin de Bruyne
100%
97 RW Liverpool Egypt Mohamed Salah
100%
98 LW Liverpool Senegal Sadio Mane
100%
99 CB Liverpool Netherlands Virgil van Dijk
100%
97 GK Liverpool Brazil Alisson
99%
95 LM Spurs South Korea Heung Min Son
99%
94 LB Liverpool Scotland Andrew Robertson
98%
96 ST Man City Argentina Sergio Aguero
98%
95 ST Leicester England Jamie Vardy
97%
95 RW Man City Algeria Riyad Mahrez
97%
95 RB Liverpool England Trent Alexander-Arnold
97%
94 LM Man United England Marcus Rashford
95%
96 ST Arsenal Gabon Pierre Emerick Aubameyang
94%
88 GK Sheffield England Dean Henderson
93%
94 CM Liverpool England Jordan Henderson
93%
93 ST Everton Brazil Richarlison
89%
91 CM Chelsea Croatia Mateo Kovacic
88%
90 CB Man United England Harry Maguire
87%
90 RB Man United England Aaron Wan-Bissaka
82%
92 LW Aston Villa England Jack Grealish
81%
91 ST Wolves Mexico Raul Jimenez
81%
91 CDM Leicester Nigeria Wilfred Ndidi
80%
89 RW Wolves Spain Adama Traore
74%
88 CB Leicester Turkey Caglar Soyuncu
72%
93 ST Southampton England Danny Ings
67%
89 RW Leicester Spain Ayoze Perez
63%
No matching quizzes found
Score Distribution
Percent of People with Each Score
Percentile by Number Answered
Your Score History
You have not taken this quiz since the last reset